00362pab a2200121 454500008004000000100001700040245010600057260000900163300001300172362001200185650002300197773002000220180718b2002 xxu||||| |||| 00| 0 eng d aBhagat, R.B. aTowards measuring rural stratification and agrarian classes: socio-economic and demographic variables c2002 ap.81-96. aOct-Dec aAgrarian structure aIASSI Quarterly